[Event "Zweibruecken PSB-ch HT3 82nd"]
[Site "Zweibruecken"]
[Date "2013.03.22"]
[Round "1"]
[White "Lessmann, Friedrich"]
[Black "Grenz, Tobias"]
[Result "0-1"]
[WhiteElo "1219"]
[BlackElo "1697"]
[PlyCount "106"]
[EventDate "2013.??.??"]
[EventType "swiss"]
[EventRounds "7"]
[EventCountry "GER"]
[SourceTitle "EXT 2014"]
[Source "ChessBase"]
[SourceDate "2013.11.20"]
[SourceVersion "1"]
[SourceVersionDate "2013.11.20"]
[SourceQuality "1"]

1. e4 c6 2. d4 d5 3. exd5 cxd5 4. Nf3 Nc6 5. c3 Bf5 6. Be3 Nf6 7. h3 e6 8. Nh4 Be4 9. Nd2 Bd6 10. f3 Bg6 11. Nxg6 hxg6 12. Qc2 Bg3+ 13. Kd1 0-0 14. f4 Nh5 15. Bd3 Nxf4 16. Bxf4 Bxf4 17. Rf1 Bxd2 18. Qxd2 Ne7 19. Kc2 a6 20. Rae1 b5 21. Kb1 Qb6 22. Bc2 a5 23. g4 b4 24. cxb4 Qxb4 25. Qxb4 axb4 26. Bb3 Rac8 27. h4 Rc7 28. Rh1 Rfc8 29. Re2 Nc6 30. Rd1 Na5 31. Re3 Nc4 32. Re2 Kf8 33. Bc2 Ne3 34. Rxe3 Rxc2 35. Rf1 Rg2 36. Rxe6 Rxg4 37. Rd6 Rxd4 38. Rd7 f6 39. Re1 Rxh4 40. Rxd5 g5 41. Rd7 Rf4 42. b3 Re8 43. Rc1 Re7 44. Rc8+ Kf7 45. Rd2 g4 46. Rc4 Rfe4 47. Kc2 g3 48. Rxe4 Rxe4 49. Rg2 Re3 50. Kd2 Rf3 51. Ke2 Rf2+ 52. Rxf2 gxf2 53. Kxf2 Ke6 0-1